000 nam a22 7a 4500
999 _c9717
_d9717
008 180206b ||||| |||| 00| 0 eng d
100 _aMenling, C
_95823
245 _aA gift bear for the king
260 _aNew York
_bDutton and co
_c1966